Alabama Football Players in the NFL - Statistics

General Stats
  • This quiz has been taken 671 times
  • The average score is 9 of 52
Answer Stats
Team Position Answer % Correct
Chicago Bears S Eddie Jackson
61%
New England Patriots CB Cyrus Jones
56%
Tennessee Titans RB Derrick Henry
56%
Atlanta Falcons WR Julio Jones
55%
Houston Texans CB Kareem Jackson
51%
Cincinnati Bengals OT Andre Smith
45%
New Orleans Saints RB Mark Ingram
39%
Oakland Raiders WR Amari Cooper
36%
New England Patriots LB Dont'a Hightower
28%
Washington Redskins DE Jonathan Allen
28%
Cincinnati Bengals QB AJ McCarron
25%
Miami Dolphins RB Kenyan Drake
24%
Baltimore Ravens CB Marlon Humphrey
19%
New York Giants S Landon Collins
18%
Tampa Bay Buccaneers TE O.J. Howard
18%
Baltimore Ravens LB Tim Williams
18%
Detroit Lions DT A'Shawn Robinson
17%
Tampa Bay Buccaneers QB Blake Sims
16%
Jacksonville Jaguars OT Cam Robinson
15%
Baltimore Ravens LB C.J. Mosley
15%
Green Bay Packers S Ha Ha Clinton-Dix
14%
Jacksonville Jaguars RB T.J. Yeldon
14%
Cincinnati Bengals CB Dre Kirkpatrick
13%
Indianapolis Colts C Ryan Kelly
13%
Seattle Seahawks RB Eddie Lacy
12%
San Francisco 49ers LB Reuben Foster
12%
Tennessee Titans FB Jalston Fowler
11%
Atlanta Falcons DE Courtney Upshaw
10%
New York Jets WR ArDarius Stewart
9%
Seattle Seahawks DT Jarran Reed
9%
Buffalo Bills LB Reggie Ragland
9%
Minnesota Vikings OT Austin Shepherd
8%
Jacksonville Jaguars LS Carson Tinker
8%
Philadelphia Eagles OG Chance Warmack
8%
Detroit Lions OT Cyrus Kouandjio
8%
Washington Redskins LB Ryan Anderson
8%
New York Giants OL D.J. Fluker
7%
Los Angeles Rams LB Mark Barron
7%
San Francisco 49ers NT Quinton Dial
7%
San Francisco 49ers S Vinnie Sunseri
7%
New Orleans Saints DL D.J. Pettway
6%
New York Giants WR Kevin Norwood
6%
Buffalo Bills DT Marcell Dareus
6%
New York Giants DT Dalvin Tomlinson
5%
New York Jets OG James Carpenter
5%
Los Angeles Chargers DT Damion Square
4%
Arizona Cardinals DT Ed Stinson
4%
Kansas City Chiefs WR Gehrig Dieter
4%
Cincinnati Bengals DE Wallace Gilberry
4%
Miami Dolphins OG Anthony Steen
3%
Washington Redskins OG Arie Kouandjio
2%
Buffalo Bills DB Bradley Sylve
1%
No matching quizzes found
Score Distribution
Percent of People with Each Score
Percentile by Number Answered
Your Score History
You have not taken this quiz